Cancer Biology/ (Record no. 204085)

MARC details
000 -LEADER
fixed length control field 00640nam a22001817a 4500
005 - DATE AND TIME OF LATEST TRANSACTION
control field 20240709155755.0
008 - FIXED-LENGTH DATA ELEMENTS--GENERAL INFORMATION
fixed length control field 090826t xxu||||| |||| 00| 0 eng d
010 ## - LCCN (DPL NO)
LC control number ENG-140857
020 ## - INTERNATIONAL STANDARD BOOK NUMBER
International Standard Book Number 9789356068056
Terms of availability 649.00
035 ## - SYSTEM CONTROL NUMBER
System control number EN-124389
082 ## - DEWEY DECIMAL CLASSIFICATION NUMBER
Classification number 616.994061
100 ## - MAIN ENTRY--PERSONAL NAME
Personal name by Parvathi, V Deepa
9 (RLIN) 63720
245 ## - TITLE STATEMENT
Title Cancer Biology/
Statement of responsibility, etc By parvati, V.D
260 ## - PUBLICATION, DISTRIBUTION, ETC. (IMPRINT)
Name of publisher, distributor, etc Pearson
Place of publication, distribution, etc uttar Pradesh
Date of publication, distribution, etc 2023
270 ## - ADDRESS
Address 1st Floor, Berget Tower,Plot No.C-001A\2,Sector16B
City Noida
Postal code 201301
300 ## - PHYSICAL DESCRIPTION
Extent xviii,233pg;
Dimensions 24cm(pbk)
942 ## - ADDED ENTRY ELEMENTS (KOHA)
Source of classification or shelving scheme Dewey Decimal Classification
Item type English Books
Classification part 616.994061
Call number suffix PAR
Holdings
Withdrawn status Lost status Source of classification or shelving scheme Damaged status Not for loan Collection code Home library Current library Date acquired Source of acquisition Cost, normal purchase price Total Checkouts Full call number Barcode Date last seen Copy number Cost, replacement price Koha item type
    Dewey Decimal Classification     Non-fiction Shahdara Branch Shahdara Branch 09/07/2024 DBAD 649.00   616.994061 PAR EN-124389 09/07/2024 1 649.00 English Books

© Delhi Public Library
Hit Counter
free hit counter